000 01829cam a22004934i 4500
003 PE-LiUPU
005 20250731173115.0
008 190320s2018 miua r 001 0 eng d
020 _a0310535050
020 _a9780310535058
035 _a(Sirsi) a251986
040 _aPE-LiUPU
_bspa
_cPE-LiUPU
_erda
_dPE-LiUPU
_erda
049 _aPRUA
082 0 4 _a221.601
_bI6
_223
245 0 0 _aInterpreting the Old Testament theologically :
_bessays in honor of Willem A. VanGemeren /
_cAndrew T. Abernethy, editor.
264 1 _aGrand Rapids :
_b Zondervan,
_c[2018].
300 _a343 páginas :
_bilustraciones ;
_c24 centímetros
336 _atext
_2rdacontent
337 _aunmediated
_2rdamedia
338 _avolume
_2rdacarrier
504 _aÍndice: páginas 329-343.
505 0 _aSection one: Theological witness gleaned through interpretive practices -- Section two: Theological witness in specific old testament books -- Section three: Theological witness amidst community.
526 _aSEG42
526 _aSEG41
526 _aSEG40
526 _aSEG39
526 _aP94
526 _aP87
526 _aP86
526 _aP85
526 _aP77
526 _aP76
526 _aP35
630 0 4 _aBiblia.
_pAntiguo Testamento
_xTeología.
650 0 4 _aReligión/Estudio de la Biblia/General.
_2bisacsh
650 0 7 _aTeología.
_2 fast
_0 (OCoLC)fst01149559
700 1 _aAbernethy, Andrew T.,
_eeditor.
910 _adbm
_bsag
_csag
_d20190320
942 _2ddc
_cBOOK
994 _aC0
_bPEPRU
596 _a1
999 _a221.601 I6
_wLC
_c31244
_i80082
_d31244
_f2021-11-9
_g2
_lCCODEBUL1
_mBUL
_p30.00
_q1
_r0
_sY
_tBOOK
_u2019-3-20
_xTEOLOGIA
_PP35
_0COMPRA
_o.STAFF. Colección Teología
980 _81
_gALBERTO SANCHEZ Responsable de Automatización